Il quarto enigma /
Gespeichert in:
| 1. Verfasser: | |
|---|---|
| Weitere Verfasser: | |
| Format: | Buch |
| Sprache: | Italienisch |
| Veröffentlicht: |
Milano :
M. Tropea,
[2005]
|
| Schriftenreihe: | Le gaggie
|
| Tags: |
Keine Tags, Fügen Sie das erste Tag hinzu!
|
MARC
| LEADER | 00000nam a2200000 i 4500 | ||
|---|---|---|---|
| 001 | IT\ICCU\RAV\1336296 | ||
| 003 | ItRI | ||
| 005 | 20250302194120.0 | ||
| 008 | 050531s2005 it |||||| ||||| |||||c | ||
| 015 | |2 IT |a 2006-8067 | ||
| 020 | |a 8843805509 | ||
| 040 | |b ita |c ARCIGAY RIMINI | ||
| 041 | 7 | |a ita |2 ISO-639-2 | |
| 082 | |a 863.64 |2 21 | ||
| 100 | 1 | |a Chavarría, Daniel |0 IT\ICCU\RAVV\075095 |4 aut | |
| 240 | 1 | 4 | |a Una pica en Flandes. |9 Chavarría, Daniel |
| 245 | 1 | 3 | |a Il quarto enigma / |c Daniel Chavarría ; traduzione di Irene Buonafalce. |
| 260 | |a Milano : |b M. Tropea, |c [2005] | ||
| 300 | |a 315 p. ; |c 22 cm. | ||
| 700 | 1 | |a Buonafalce, Irene |0 IT\ICCU\RAVV\427937 | |
| 830 | 3 | |a Le gaggie |0 IT\ICCU\RAV\0266305 | |
| 942 | |2 ddc |c BK | ||
| 952 | |0 0 |1 0 |2 ddc |4 0 |6 863_640000000000000_CHA_QUA |7 1 |9 3568 |a RN |b RN |d 2025-03-02 |l 0 |o 863.64 CHA QUA |p 10827 |r 2025-03-02 19:41:50 |w 2025-03-02 |x Donazione di Giovanni Rimondini |y BK |z Donazione di Giovanni Rimondini | ||
| 981 | 1 | |6 z01 |a i |b xxxe | |
| 982 | 1 | |6 z01 |a n | |
| 999 | |c 2771 |d 2771 | ||